Sociológia časopis pre otázky sociológie

Uložené v:
Podrobná bibliografia
Médium: Seriál
Jazyk:Slovak
Vydavateľské údaje: Bratislava Slovak Academic Press 1993
Predmet:
Tagy: Pridať tag
Žiadne tagy, Buďte prvý, kto otaguje tento záznam!

MARC

LEADER 00000nas2a2200000 4500
001 s014016
005 20240109100233.0
022 |a 0049-1225 
041 0 |a slo 
044 |a SK 
245 1 0 |a Sociológia  |b časopis pre otázky sociológie 
264 1 |a Bratislava  |b Slovak Academic Press  |c 1993 
300 |a 1 zv. 
773 0 |w eu_un_cat*s120023 
610 2 0 |a sociológia 
610 2 0 |a štúdie sociologické 
610 2 0 |a výskum sociologický